Statystyki dla Żeńskie Imiona na literę E

Kliknij tutaj aby rozwiązać quiz!

Ogólne statystyki

  • Ten quiz został rozwiązany 337 razy
  • Średni wynik to 9 z 23

Statystyki odpowiedzi

Imiona% Poprawnych
Elżbieta
91%
Ewa
90%
Ewelina
80%
Ewelina
80%
Emilia
72%
Eliza
63%
Edyta
57%
Elwira
51%
Emma
48%
Eryka
46%
Eugenia
45%
Eleonora
42%
Edwarda
31%
Emanuela
23%
Elena
22%
Euzebia
15%
Esmeralda
14%
Eurydyka
14%
Elza
12%
Erwina
10%
Emiliana
9%
Ernestyna
8%
Elmira
4%

Rozkład punktacji

Percentyl według liczby udzielonych odpowiedzi

Procent ludzi z każdym wynikiem

Twoja historia wyników

Nie rozwiązałeś tego quizu